| 000 | 01489nam0a22002891 4500 | ||
|---|---|---|---|
| 001 | rc\3938090 | ||
| 005 | 20260405100401.0 | ||
| 021 |
_aRU _b[56-51743] |
||
| 035 | _a(NLR Aleph) 007918560 | ||
| 090 |
_a8142980 _c8142980 |
||
| 100 | _a20130415d1956 |||y0rusy50 ca | ||
| 101 | 0 | _arus | |
| 102 | _aRU | ||
| 105 | _ay c ||||| | ||
| 200 | 1 |
_aМетодические указания по курсу "История зарубежной литературы XIX века" _eДля студентов-заочников филол. фак. гос. ун-тов _fМ-во высш. образования СССР. Науч.-метод. кабинет по заоч. обучению при Моск. гос. ун-те им. М.В. Ломоносова |
|
| 205 | _a2-е изд., испр. и доп. | ||
| 210 |
_aМосква _cИзд-во Моск. ун-та _d1956 |
||
| 215 |
_a47 с. _d22 |
||
| 300 | _a3-е изд. вышло под загл.: История зарубежной литературы XIX в. | ||
| 300 | _aПеред загл. авт.: канд. филол. наук А.С. Дмитриев | ||
| 517 | 0 | _aИстория зарубежной литературы XIX в. | |
| 700 | 1 |
_4340 _4080 _4070 _7ca _8rus _aДмитриев _bА. С. _cд-р филол. наук _f1919-2001 _gАлександр Сергеевич _919571 _3RU\NLR\AUTH\7736581 |
|
| 801 | 0 |
_aRU _bNLR _gpsbo |
|
| 801 | 1 |
_aRU _bELAR _2rusmarc |
|
| 852 |
_aNLR _jЛ50 Г-6/141 |
||
| 942 | _cBOOK | ||
| 980 | _aNB | ||